000 00999nam a2200301 i 4500
001 000028593
003 DO-SdBNP
005 20231017105455.0
007 ta
008 110411s2010 dr a 000 0 spa d
020 _a9789945163551
040 _aDO-SdBNP
_bspa
_cBNPHU
_erda
082 4 _aRD861.508
_bP745e
_222
245 0 0 _aPoesía esencial dominicana /
_cselección Yanela Hernández, Guillermo Ricart Calventi.
264 _aSanto Domingo
_bBúho,
_c2010.
300 _a183 páginas :
_bilustraciones ;
_c22 cm.
336 _2rdacontent a
_atexto
_btxt
337 _2rdamedia
_asin mediación
_bn
338 _2rdacarrier
_a volumen
_bnc
500 _aIncluye referencias bibliográficas y notas al pie de las páginas
590 _aInventariado, 2023/MFF
650 4 _aPoesía dominicana
650 4 _aLiteratura dominicana
700 1 _aHernández, Yanela
_955546
700 1 _aRicart Calventi, Guillermo
_955547
910 _aValidado. Control de calidad MFF
942 _2ddc
_cLBS1
999 _c28085
_d28085